|
|
|
|
| LEADER |
00983nam a22002177a 4500 |
| 008 |
180728b xxu||||| |||| 00| 0 eng d |
| 999 |
|
|
|c 24146
|d 24146
|
| 020 |
|
|
|a 9788126477104
|
| 082 |
|
|
|a 333.77
|b SUG
|
| 100 |
|
|
|a സുഗതകുമാരി
|
| 240 |
|
|
|a Ulchoodu
|
| 245 |
|
|
|a ഉള്ച്ചൂട് /
|c സുഗതകുമാരി
|
| 250 |
|
|
|a 1st ed.
|
| 260 |
|
|
|a കോട്ടയം :
|b ഡി.സി. ബുക്സ്,
|c 2018.
|
| 300 |
|
|
|a 136p.
|
| 650 |
|
|
|a Environmental problems
|
| 650 |
|
|
|a പാരിസ്ഥിതിക പ്രശ്നങ്ങള്
|
| 700 |
|
|
|a Sugathakumari
|
| 942 |
|
|
|2 ddc
|c BK
|
| 952 |
|
|
|0 0
|1 0
|2 ddc
|4 0
|6 333_770000000000000_SUG
|7 0
|9 33107
|a MAIN
|b MAIN
|d 2018-07-28
|e Current Books Kottayam
|g 130.00
|l 1
|o 333.77 SUG
|p 32728
|r 2020-01-29
|s 2020-01-29
|t 1
|w 2018-07-28
|y BK
|
| 952 |
|
|
|0 0
|1 0
|2 ddc
|4 0
|6 333_770000000000000_SUG
|7 0
|9 33108
|a MAIN
|b MAIN
|d 2018-07-28
|e Current Books Kottayam
|g 130.00
|o 333.77 SUG
|p 32729
|r 2018-07-28
|t 2
|w 2018-07-28
|y BK
|